| 000 | 00462nam a2200157Ia 4500 | ||
|---|---|---|---|
| 999 |
_c23175 _d23175 |
||
| 003 | OSt | ||
| 005 | 20200520100217.0 | ||
| 008 | 190216s9999||||xx |||||||||||||| ||und|| | ||
| 040 | _coclc | ||
| 082 |
_a181.07 _bDEB/H |
||
| 100 |
_aDe Boer, T J _92457 |
||
| 245 | 4 |
_aThe History Of Philosophy In Islam / _cT J De Boer |
|
| 260 |
_bCosmo Publications, _c1983. _aNew Delhi: |
||
| 300 | _a216p | ||
| 942 |
_cBK _2ddc _h181.07 _iDEB/H _k181.07 _mDEB/H |
||